| 000 | 00695nam a2200205Ia 4500 | ||
|---|---|---|---|
| 999 |
_c39341 _d39341 |
||
| 003 | GCL | ||
| 005 | 20240530103431.0 | ||
| 008 | 140319s1965 ua 000 0 ara d | ||
| 040 |
_aGCL / _cGCL |
||
| 082 | 0 | 4 |
_a922.1/ _bق/ع ر _221 |
| 100 | 0 | _aعثمان امين | |
| 245 | 1 | 0 |
_aرائد الفكر المصرى الامام محمد عبدة / _cتاليف عثمان امين |
| 250 | _aط.2 | ||
| 260 |
_aالقاهرة : _bمكتبة الانجلو المصرية، _c1965. |
||
| 300 |
_a322 ص. ؛ _c24 سم. |
||
| 600 | 0 | _aمحمد عبده (الامام) | |
| 650 | 0 | 7 |
_aالثقافة العربية _2qrmak |
| 650 | 0 | 7 |
_aالاصلاح الاجتماعى _2qrmak |
| 942 |
_2ddc _cBK |
||